| Поле | Инд. | ПП | Название | Значение |
|---|---|---|---|---|
| Тип записи | a | |||
| Библиографический уровень | m | |||
| 001 | Контрольный номер | 435429bb-860d-49f9-99f6-201ecfdb3ce0 | ||
| 005 | Дата корректировки | 20131112200252.6 | ||
| 008 | Кодируемые данные | 070823s1989 rur a 000u 0rus d | ||
| 020 | a | ISBN | 5-376-00256-X | |
| c | Цена, тираж | 25 к. | ||
| 040 | a | Служба первич. каталог. | RuMoRKP | |
| 040 | a | Служба первич. каталог. | НБ ТвГУ | |
| 041 | a | Код языка текста | rus | |
| 080 | a | Индекс УДК | 54 | |
| 084 | a | Индекс другой классификации/Индекс ББК | Г.я92 | |
| 090 | x | Авторский знак | Л97 | |
| a | Полочн. индекс | Г.я92 | ||
| 100 | 1_ | a | Автор | Ляликов Юрий Сергеевич |
| 245 | 00 | a | Заглавие | Химия в часы досуга |
| c | Ответственность | Ю. С. Ляликов ; АН МССР, Ин-т химии | ||
| 250 | a | Основные сведения об издании | 2-е изд., испр. | |
| 260 | 0_ | a | Место издания | Кишинев |
| b | Издательство | Штиинца | ||
| c | Дата издания | 1989 | ||
| 300 | a | Объем | 106,[2] с. | |
| b | Иллюстрации/ тип воспроизводства | ил. | ||
| c | Размеры | 20 см | ||
| 504 | a | Библиография | Библиогр.: с. 107 (6 назв.) | |
| 650 | a | Основная рубрика | Химия занимательная | |
| 653 | a | Ключевые слова | Химия | |
| a | Ключевые слова | Занимательная химия | ||
| 852 | t | Порядковый номер экземпляра | 1 | |
| p | Инвентарный номер | 598185 | ||
| 954 | a | Дата поступления на обработку | 20080403 | |
| 999 | a | Подразделение 2 | Фил3 |